Les vainqueurs de chaque Grand Prix. Championnat 2022 de Formule 1 - Statistiques

Statistiques générales
  • Ce quiz a été pris 2 387 fois
    2 209 depuis la dernière actualisation
  • Le résultat moyen est 18 sur 22
Statistiques - réponses
Grand Prix Vainqueur % Correct
Grand Prix de Bahreïn Charles Leclerc
98%
Grand Prix d'Arabie Saoudite Max Verstappen
98%
Grand Prix d'Emilie-Romagne Max Verstappen
94%
Grand Prix de Miami Max Verstappen
93%
Grand Prix d'Espagne Max Verstappen
93%
Grand Prix d'Australie Charles Leclerc
92%
Grand Prix d'Azerbaidjan Max Verstappen
90%
Grand Prix du Canada Max Verstappen
90%
Grand Prix de Monaco Sergio Perez
88%
Grand Prix Prix de France Max Verstappen
85%
Grand Prix de Belgique Max Verstappen
84%
Grand Prix de Hongrie Max Verstappen
83%
Grand Prix des Pays-Bas Max Verstappen
83%
Grand Prix de Grande-Bretagne Carlos Sainz
81%
Grand Prix d'Autriche Charles Leclerc
81%
Grand Prix d'Italie Max Verstappen
81%
Grand Prix du Japon Max Verstappen
72%
Grand Prix des Etats-Unis Max Verstappen
70%
Grand Prix de Singapour Sergio Perez
70%
Grand Prix du Mexique Max Verstappen
69%
Grand Prix d'Abou Dhabi Max Verstappen
61%
Grand Prix du Brésil George Russell
54%
Aucun quiz correspondant
Distribution des résultats
% des personnes avec chaque résultat
Percentile par nombre de réponses
Votre historique - résultats
Vous n’avez pas pris ce quiz depuis la dernière actualisation